| 000 | 00494nam a2200181Ia 4500 | ||
|---|---|---|---|
| 999 |
_c29242 _d29242 |
||
| 003 | OSt | ||
| 005 | 20201215130806.0 | ||
| 008 | 190216s9999||||xx |||||||||||||| ||und|| | ||
| 020 | _a9788126407699 | ||
| 040 | _coclc | ||
| 082 |
_a894.8121 _bVIJ/O |
||
| 100 |
_aVijayalakshmi _97527 |
||
| 245 | 0 |
_aOttamanalthari / _cVijayalakshmi |
|
| 260 |
_bD C Books, _aKottayam: _c2004. |
||
| 300 | _a52p | ||
| 650 | _aKavitha | ||
| 942 |
_cBK _2ddc _h894.8121 _iVIJ/O _k894.8121 _mVIJ/O |
||